000 01796nam0a2200361 4500
001 RU\NLR\bibl\1137945
005 20250615073033.0
010 _a978-5-8459-1116-2
_92000
021 _aRU
_b2007-58939
_93140
035 _a(NLR Aleph) 001124815
090 _a1320851
_c1320851
100 _a20071009d2007 |||y0rusy50 ca
101 1 _arus
_ceng
102 _aRU
105 _aa |||||||||
200 1 _aЦифровые интегральные схемы
_eметодология проектирования
_fЖан М. Рабаи, Ананта Чандракасан, Боривож Николич
_g[пер. с англ. и ред. А.В. Назаренко]
205 _a[2-е изд.]
210 _aМосква [и др.]
_cВильямс
_d2007
215 _a911 с.
_cил.
_d24
300 _aЗагл. и авт. ориг.: Digital integrated circuits / Jan M. Rabaey, Ananta Chandrakasan, Borivoje Nicolic
300 _aНа тит. л.: Серия книг Prentice Hall по электронике и СБИС
320 _aБиблиогр. в конце гл.
320 _aПредм. указ.: с. 905-911
454 0 _12001#$aDigital integrated circuits$ea designe perspective
_1205##$a2nd ed.
_1700#1$aRabaey$bJ. M.$gJan M$4070
_1701#1$aChandrakasan$bA.$gAnanta$4070
_1701#1$aNicolic$bB.$gBorivoje$4070
_tDigital integrated circuits
_aRabaey, Jan M
606 1 _aЦифровые интегральные схемы
_xПроектирование
_92371809
_3RU\NLR\auth\661415663
686 _aЗ844.15-02
700 1 _aРабаи
_bЖ. М.
_gЖан М
_4070
701 1 _aЧандракасан
_bА.
_gАнанта
_4070
701 1 _aНиколич
_bБ.
_gБоривож
_4070
801 0 _aRU
_bNLR
_c20071009
_gRCR
801 1 _aRU
_bNLR
_c20071009
942 _cBOOK
980 _aNB